<?xml version="1.0" encoding="UTF-8"?>
<collection xmlns="http://www.loc.gov/MARC21/slim">
<record>
  <controlfield tag="001">308818</controlfield>
  <controlfield tag="005">20240928181456.0</controlfield>
  <datafield tag="035" ind1=" " ind2=" ">
    <subfield code="a">G:(GEPRIS)31211257</subfield>
  </datafield>
  <datafield tag="024" ind1="7" ind2=" ">
    <subfield code="a">G:(GEPRIS)31211257</subfield>
    <subfield code="d">31211257</subfield>
  </datafield>
  <datafield tag="040" ind1=" " ind2=" ">
    <subfield code="a">GEPRIS</subfield>
    <subfield code="c">http://gepris.its.kfa-juelich.de</subfield>
  </datafield>
  <datafield tag="150" ind1=" " ind2=" ">
    <subfield code="a">Edition "Wilhelm Dilthey: Briefwechsel 1852-1911"</subfield>
    <subfield code="y">2006 - 2015</subfield>
  </datafield>
  <datafield tag="371" ind1=" " ind2=" ">
    <subfield code="a">Professor Dr. Gunter Scholtz</subfield>
  </datafield>
  <datafield tag="450" ind1=" " ind2=" ">
    <subfield code="a">DFG project G:(GEPRIS)31211257</subfield>
    <subfield code="w">d</subfield>
    <subfield code="y">2006 - 2015</subfield>
  </datafield>
  <datafield tag="510" ind1="1" ind2=" ">
    <subfield code="a">Deutsche Forschungsgemeinschaft</subfield>
    <subfield code="0">I:(DE-588b)2007744-0</subfield>
    <subfield code="b">DFG</subfield>
  </datafield>
  <datafield tag="680" ind1=" " ind2=" ">
    <subfield code="a">W. Dilthey gilt als Klassiker der Philosophie. Das zeigt sich an der Philosophiegeschichtsschreibung, der Fülle an Sekundärliteratur und den Übersetzungen seiner Werke in andere Sprachen: Es entstehen Werkausgaben in den USA, in Frankreich, Russland, Japan und bald auch in Portugal. Angesichts dieser Aktualität Diltheys ist die Briefedition ein Desiderat. Geplant ist eine dreibändige Ausgabe der Briefe von und an Dilthey, von denen bisher nur wenige zugänglich sind. Die Edition kann biographischen und werkgeschichtlichen, philosophischen und philosophiehistorischen Forschungszwecken dienen, aber auch z. B. für die Wissenschafts- und Universitätsgeschichte oder auch für die Sozialgeschichte genutzt werden.</subfield>
  </datafield>
  <datafield tag="909" ind1="C" ind2="O">
    <subfield code="o">oai:juser.fz-juelich.de:975693</subfield>
    <subfield code="p">authority:GRANT</subfield>
    <subfield code="p">authority</subfield>
  </datafield>
  <datafield tag="980" ind1=" " ind2=" ">
    <subfield code="a">G</subfield>
  </datafield>
  <datafield tag="980" ind1=" " ind2=" ">
    <subfield code="a">AUTHORITY</subfield>
  </datafield>
  <datafield tag="909" ind1="C" ind2="O">
    <subfield code="o">oai:juser.fz-juelich.de:975693</subfield>
  </datafield>
</record>
</collection>